STN 73 6129: 2009 Stavba vozoviek. Postreky, nátery a membrány

Bibliographic Details
Main Author: Loveček, Zdeněk (Author)
Corporate Author: VUIS - CESTY (Bratislava, Slovensko) (Author)
Format: Book
Language:Slovak
PhysicalDescription:24 s. tab. 30 cm
Published: Bratislava Slovenský ústav technickej normalizácie 2009
Subjects:

MARC

LEADER 00000nam a2200000 a 4500
001 vtls010030486
003 SK-MaSNL
005 20260301083405.0
008 160624s2009 xo k f u 000 0 slo
015 |a SNBN2010/02-01317 
020 |c (cen. skup. 12) 
040 |a SNK  |b slo  |c SNK  |e AACR2 
041 0 |a slo 
044 |a xo  |c SK 
046 |a s  |m 200912 (účin.) 
072 7 |a 625  |x Pozemné komunikácie. Železničné staviteľstvo  |2 konspekt 
080 |a 625.8  |2 2001 
080 |a 006.7/.8  |2 2001 
080 |a (437.6)  |2 2001 
080 |a (4)  |2 2001 
084 |a 25.220  |2 ICS 
084 |a 93.080.20  |2 ICS 
245 0 0 |a STN 73 6129: 2009 Stavba vozoviek. Postreky, nátery a membrány  |c spracovateľ VUIS-CESTY, spol. s r. o. Bratislava, Zdeněk Loveček 
246 1 0 |a Stavba vozoviek 
246 1 0 |a Postreky, nátery a membrány 
260 |a Bratislava  |b Slovenský ústav technickej normalizácie  |c 2009 
300 |a 24 s.  |b tab.  |c 30 cm 
500 |a Súbežný názov v angličtine, francúzštine, nemčine 
504 |a Citované normy, spúvisiace normy, súvisiace právne predpisy s. 2 
540 |a STN vydané na akomkoľvek nosiči sa môžu rozmnožovať a rozširovať iba so súhlasom určenej právnickej osoby  |b SÚTN Bratislava  |c zákon 264/1999 Z.z. 
650 0 7 |a vozovky  |2 SVKBBPH  |9 3577 
650 0 7 |a povrch vozoviek  |2 SVKBBPH  |9 410187 
650 0 7 |a technické normy a štandardy  |z Slovensko  |2 SVKBBPH  |9 79594 
655 7 |a normy  |2 SVKBBPH  |9 70643 
700 1 |a Loveček, Zdeněk  |4 aut  |9 6260 
710 2 |a VUIS - CESTY (Bratislava, Slovensko)  |4 aut  |9 238392 
710 2 |a Slovenský ústav technickej normalizácie (Bratislava, Slovensko)  |b TK 94 Cestné staviteľstvo  |4 stn  |9 320781 
774 1 8 |t STN 73 6129: 1996  |d Bratislava. Slovenský ústav technickej normalizácie, 1996  |w vtls009741516 
958 |a OP 
958 |a NB 
999 |c 660404  |d 662334 
952 |a SNK  |b SNK  |y PREZ  |7 0  |p 17A0645982  |o snkSTN 73 6129  |i snk2010/3332  |8 0  |0 0  |1 0  |4 0  |d 2010-02-17  |l 0  |r 2026-02-23 18:51:49  |w 2026-02-23 
952 |a SNK  |b SNK  |y PREZ  |7 0  |p 17A0645983  |o snkSTN 73 6129 D1  |i snk2010/3333  |8 0  |0 0  |1 0  |4 0  |d 2010-02-17  |l 0  |r 2026-02-23 18:51:49  |w 2026-02-23